000 00728cab a2200217 4500
001 WB3317-04
008 090401t1997 xxu||||| |||| 00| 0 eng d
035 _a(Sirsi) u78152
041 _aeng
245 _aTender process shake-up
260 _c1997
350 _a0
490 _aConstruction News
_v(6512) 1 May 1997, 1(1)
520 _aAn overdue clean-up of the construction tendering process is underway. A code of practice designed to protect subcontractors has been drawn up by the Construction Industry Board.
650 _aCODE OF PRACTICE
650 _aCONSTRUCTION INDUSTRY BOARD
650 _aTENDERING PROCESS
690 _aBUILT ENVIRONMENT-BUILDING CONTRACT FORMS
942 _n0
948 _c02/05/1997
999 _c49175
_d49175